[Event "SVK-chT3B2 2223"]
[Site "Slovakia"]
[Date "2022.12.18"]
[Round "4.8"]
[White "Bebjak, Matej"]
[Black "Janik, Adrian"]
[Result "1-0"]
[WhiteElo "1168"]
[BlackElo "1000"]
[PlyCount "50"]
[EventDate "2022.10.23"]
[EventType "team-tourn"]
[EventRounds "11"]
[EventCountry "SVK"]
[SourceTitle "EXT 2024"]
[Source "ChessBase"]
[SourceDate "2023.10.10"]
[SourceVersion "1"]
[SourceVersionDate "2023.10.10"]
[SourceQuality "1"]
[WhiteTeam "Chynorany"]
[BlackTeam "Puchov Vcielka"]
[WhiteTeamCountry "SVK"]
[BlackTeamCountry "SVK"]

1. e4 e5 2. Nf3 Nc6 3. Bb5 a6 4. Bxc6 bxc6 5. d3 Bb4+ 6. Bd2 Bxd2+ 7. Nbxd2 Nf6 8. Nxe5 0-0 9. 0-0 d6 10. Nxc6 Qe8 11. Nd4 Ng4 12. f3 Ne3 13. Qe2 Nxf1 14. Rxf1 c5 15. N4b3 Be6 16. Qf2 a5 17. Ra1 a4 18. Nc1 Rb8 19. Rb1 a3 20. b3 h6 21. Qg3 Qd7 22. Ne2 Ra8 23. Nf4 c4 24. Nh5 f6 25. dxc4 Bf7 1-0